Mesa cultura

Na minha lista:
Detalhes bibliográficos
Autor Corporativo: Instituto de Cooperación Iberoaméricana
Formato: Texto
Publicado em: Madrid: Huertas
Tags: Adicionar Tag
Sem tags, seja o primeiro a adicionar uma tag!

MARC

LEADER 00000 a a2200000 04500
001 25464
003
040
090 |a 152527  
110 |a Instituto de Cooperación Iberoaméricana  
245 |a Mesa cultura  
260 |a Madrid:   |b Huertas  
300 |a 516 p.   |b il.  
999 |c 16757  |d 16757